Groupes de Musique fr 1960-1999 - Statistiques

Statistiques générales
  • Ce quiz a été pris 81 fois
  • Le résultat moyen est 6 sur 15
Statistiques - réponses
Chansons Groupes % Correct
Cendrillon Téléphone
91%
3e sexe Indochine
86%
L'Hymne de nos campagnes Tryo
72%
L'homme pressé Noir Désir
64%
Antisocial Trust
61%
Petit Frère IAM
59%
Laisse pas trainer ton fils Supreme NTM
55%
C'est comme ça Les Rita Mitsouko
39%
Sous le soleil de Bodega Les Négresses Vertes
23%
Pas assez de toi Mano Negra
22%
Cherchez le garçon Taxi Girl
22%
Twist à St-Tropez Les Chats Sauvages
19%
Daniela Les Chaussettes Noires
19%
Petite Fille Les Wampas
1%
Je n'ai pas Les Frères Misère
0%
Aucun quiz correspondant
Distribution des résultats
% des personnes avec chaque résultat
Percentile par nombre de réponses
Votre historique - résultats
Vous n’avez pas pris ce quiz